Management information systems : The critical strategic resource
Information has been a scarce commodity in most of human history. All that has changed--but most businesses don't know how to make the most of it. Most organizations use their management information systems only to handle routine transactions like payroll and billing. This book shows executives...
保存先:
| 第一著者: | |
|---|---|
| フォーマット: | 図書 |
| 言語: | Undetermined |
| 出版事項: |
New York
Oxford University Press
1987
|
| 主題: | |
| タグ: |
タグ追加
タグなし, このレコードへの初めてのタグを付けませんか!
|
| Thư viện lưu trữ: | Trung tâm Học liệu Trường Đại học Cần Thơ |
|---|
| LEADER | 01105nam a2200217Ia 4500 | ||
|---|---|---|---|
| 001 | CTU_190279 | ||
| 008 | 210402s9999 xx 000 0 und d | ||
| 020 | |c 17.56 | ||
| 082 | |a 658.4038 | ||
| 082 | |b E53 | ||
| 100 | |a Emery, James C. | ||
| 245 | 0 | |a Management information systems : | |
| 245 | 4 | |b The critical strategic resource | |
| 245 | 0 | |c James C. Emery | |
| 260 | |a New York | ||
| 260 | |b Oxford University Press | ||
| 260 | |c 1987 | ||
| 520 | |a Information has been a scarce commodity in most of human history. All that has changed--but most businesses don't know how to make the most of it. Most organizations use their management information systems only to handle routine transactions like payroll and billing. This book shows executives how a management information system can provide help at all levels: operational, where the work gets done, as well as tactical and strategic, where planning and policy are determined. | ||
| 650 | |a Management information systems,Hệ thống thông tin quản lý | ||
| 904 | |i Trúc | ||
| 980 | |a Trung tâm Học liệu Trường Đại học Cần Thơ | ||